00351cam a22001217a 4500008004000000082001700040100002300057245005400080260002600134300000900160500000900169650005100178180718b1961 xxu||||| |||| 00| 0 eng d aA99 W36/F381 aFergusson, Bernard aWavell, portrait of soldiercby Bernerd Fergusson aLondonbCollinsc1961 a96p. a12/- aWavell, Archibald Percival, Ist Earl 1883-1950